La clùsula suelo y los gastos de hipoteca

Detalles Bibliográficos
Autor principal: Nadal Disla, Marta
Formato: eBook
Lenguaje:español
Publicado: Barcelona: La Jurd̕ica, 2018
Materias:
Acceso en línea:Acceso restringido

MARC

LEADER 00000nam a22000007a 4500
005 2019080704014.0
007 cr|||| ||||
008 190807s2018 es |||||s|||| 00||0 spa d
020 |a 978-84-949479-0-2 
035 |a 23998 
040 |a vLex 
090 |c 9122  |d 9122 
100 1 |a Nadal Disla, Marta 
245 1 2 |a La clùsula suelo y los gastos de hipoteca  |h [Recurso electrn̤ico] /  |c Marta Nadal Disla 
256 |a Servicio en ln̕ea 
260 |a Barcelona:  |b La Jurd̕ica,  |c 2018 
300 |a 1 recurso electrn̤ico 
506 1 |a Disponible solo en los productos indicados  |d vLex Global  |d vLex Global (Academic Edition, excluding Law Schools)  |d vLex Global (U.S. Academic Edition, Law Schools)  |d vLex Global (U.S. Academic Edition, excluding Law Schools)  |d vLex Global (Academic Edition, Law Schools) 
650 0 4 |a Derecho Civil  |z Espaą 
740 0 |a vLex Libros (Servicio en ln̕ea) 
856 4 0 |u http://vlex.com/source/clausula-suelo-gastos-hipoteca-23998  |z Acceso restringido 
942 |c BOOK 
999 0 |a Civil Law